[Event "26.Schlosspark-Open"]
[Site "Wiesbaden-Biebrich"]
[Date "2014.08.31"]
[Round "6.27"]
[White "Rosenberger, Frank"]
[Black "Berger, Ewald"]
[Result "1/2-1/2"]
[WhiteElo "2098"]
[BlackElo "1916"]
[PlyCount "70"]
[EventDate "2014.??.??"]
[WhiteTeam "SK 1980 Gernsheim"]
[BlackTeam "SC Butzbach 2000"]

1. e4 e6 2. d4 d5 3. Nc3 Bb4 4. exd5 exd5 5. Bd3 Nf6 6. Nge2 O-O 7. O-O c6 8.
Bg5 h6 9. Bf4 Bg4 10. f3 Bh5 11. Ng3 Bg6 12. Nce2 Bd6 13. Bxg6 fxg6 14. Qd3 Nh7
15. Be5 Bxe5 16. dxe5 Qg5 17. f4 Qg4 18. h3 Qe6 19. Nd4 Qe8 20. Rae1 Nd7 21.
Qe3 Nc5 22. b4 Ne6 23. Nxe6 Qxe6 24. Ne2 a5 25. a3 axb4 26. axb4 Ra4 27. Qc5
Re8 28. Nd4 Qe7 29. Qxe7 Rxe7 30. c3 Nf8 31. f5 gxf5 32. Nxf5 Re6 33. Nd4 Re7
34. e6 Ra8 35. Rf3 Rae8 1/2-1/2

[Event "26.Schlosspark-Open"]
[Site "Wiesbaden-Biebrich"]
[Date "2014.08.31"]
[Round "6.28"]
[White "Lenz, Jonas"]
[Black "Werner, Dimo"]
[Result "1/2-1/2"]
[WhiteElo "1973"]
[BlackElo "2097"]
[PlyCount "45"]
[EventDate "2014.??.??"]
[WhiteTeam "SK Bad Homburg 1927"]
[BlackTeam "TSV Schott Mainz"]

1. d4 d5 2. c4 c6 3. Nf3 Nf6 4. e3 e6 5. b3 Nbd7 6. Bb2 Be7 7. Nc3 O-O 8. Bd3
b6 9. O-O Bb7 10. Qc2 h6 11. Rfe1 Rc8 12. Rad1 Qc7 13. Qe2 Qb8 14. e4 dxe4 15.
Nxe4 c5 16. dxc5 Nxe4 17. Bxe4 Nxc5 18. Bxb7 Qxb7 19. Ne5 Rfd8 20. Nd3 Qe4 21.
Qxe4 Nxe4 22. f3 Nf6 23. Kf2 1/2-1/2

[Event "26.Schlosspark-Open"]
[Site "Wiesbaden-Biebrich"]
[Date "2014.08.31"]
[Round "6.29"]
[White "Kalepky, Helmut"]
[Black "Budde, Michael"]
[Result "1/2-1/2"]
[WhiteElo "2084"]
[BlackElo "1884"]
[PlyCount "135"]
[EventDate "2014.??.??"]
[WhiteTeam "Sfr.Heidesheim"]
[BlackTeam "SC Flörsheim 1921"]

1. Nf3 Nf6 2. c4 e6 3. g3 d5 4. Bg2 Be7 5. b3 O-O 6. Bb2 a5 7. O-O Na6 8. d3 b6
9. Nbd2 Bb7 10. Rc1 Rc8 11. Qc2 Nb4 12. Qb1 c5 13. Ne5 Nd7 14. a3 Nc6 15. Nxd7
Qxd7 16. e3 Rfd8 17. cxd5 exd5 18. Nf3 d4 19. e4 Ba6 20. Nd2 a4 21. Nc4 Bxc4
22. bxc4 Na5 23. Rfd1 Rb8 24. Rc2 b5 25. cxb5 Nb3 26. Bf1 Rxb5 27. Qa2 Rdb8 28.
Bc1 R8b6 29. Be2 Qh3 30. Bd2 Nxd2 31. Rdxd2 Rh6 32. Bf3 Qxh2+ 33. Kf1 Rhb6 34.
Qc4 Rb1+ 35. Rc1 Qh6 36. Rxb1 Rxb1+ 37. Rd1 Rb2 38. Qxa4 Qh2 39. Bg2 Qh5 40.
Re1 Qh6 41. e5 Qd2 42. Qa8+ Bf8 43. Qf3 Rb3 44. e6 fxe6 45. Bh3 Qxd3+ 46. Qxd3
Rxd3 47. Bxe6+ Kh8 48. a4 Ra3 49. Bc4 g6 50. Bb5 Kg7 51. Re4 g5 52. g4 Kf6 53.
Ke2 Bd6 54. Re8 Be7 55. Ra8 Rb3 56. Bd3 Rc3 57. Rc8 Ra3 58. Ra8 Ke5 59. Ra7 Bd6
60. f3 Rc3 61. Bb5 Kd5 62. Bd3 c4 63. Be4+ Ke5 64. Ra5+ Kf4 65. Kf2 Be5 66. Ra7
Bf6 67. Ra5 Be5 68. Ra7 1/2-1/2

[Event "26.Schlosspark-Open"]
[Site "Wiesbaden-Biebrich"]
[Date "2014.08.31"]
[Round "6.30"]
[White "Roggensack, Hans Peter"]
[Black "Leidorf, Sebastian"]
[Result "1-0"]
[WhiteElo "1970"]
[BlackElo "2052"]
[PlyCount "69"]
[EventDate "2014.??.??"]
[WhiteTeam "SF Frankfurt 1921"]
[BlackTeam "SV Bergwinkel"]

1. e4 e6 2. d4 d5 3. Nd2 Nf6 4. e5 Nfd7 5. f4 c5 6. c3 Nc6 7. Ndf3 Qb6 8. Ne2
Be7 9. g3 O-O 10. Bh3 Kh8 11. O-O cxd4 12. cxd4 Rg8 13. Kh1 h6 14. f5 exf5 15.
Nf4 Nf8 16. Nxd5 Qd8 17. Nc3 f6 18. e6 Bb4 19. Bxf5 Bxc3 20. bxc3 Qd5 21. Qd3
Na5 22. Be4 Qxe6 23. d5 Qd6 24. Bf4 Qc5 25. Nd4 Bd7 26. Nb3 Nxb3 27. axb3 Rc8
28. c4 Bh3 29. Rfc1 Nd7 30. Be3 Qe7 31. d6 Qe5 32. Bf4 Qb2 33. Rab1 Qa2 34. Ra1
Qb2 35. Rcb1 1-0

[Event "26.Schlosspark-Open"]
[Site "Wiesbaden-Biebrich"]
[Date "2014.08.31"]
[Round "6.31"]
[White "Soost, Stefan"]
[Black "Kregelin, Jan"]
[Result "0-1"]
[WhiteElo "1953"]
[BlackElo "2073"]
[PlyCount "38"]
[EventDate "2014.??.??"]
[WhiteTeam "vereinslos"]
[BlackTeam "FVS ASP Hoyerswerda"]

1. e4 c5 2. Nf3 d6 3. d4 cxd4 4. Nxd4 Nf6 5. Nc3 a6 6. Be3 e5 7. Nb3 Be6 8. f3
Be7 9. g4 d5 10. exd5 Nxd5 11. Nxd5 Bxd5 12. Be2 Bh4+ 13. Kf1 O-O 14. c4 Bc6
15. Qxd8 Bxd8 16. Kg2 a5 17. Rhd1 Na6 18. Rac1 a4 19. Nc5 Bb6 0-1

[Event "26.Schlosspark-Open"]
[Site "Wiesbaden-Biebrich"]
[Date "2014.08.31"]
[Round "6.32"]
[White "Haftmann, Rainer"]
[Black "Fucik, Timo"]
[Result "1/2-1/2"]
[WhiteElo "1920"]
[BlackElo "2057"]
[PlyCount "65"]
[EventDate "2014.??.??"]
[WhiteTeam "SAbt SG 1945 Dietzenbach"]
[BlackTeam "SK 1926 Ettlingen"]

1. e4 c5 2. Nf3 d6 3. d4 Nf6 4. Bb5+ Bd7 5. Bxd7+ Qxd7 6. dxc5 Nxe4 7. cxd6 Nc6
8. O-O Nxd6 9. Bf4 e6 10. Nc3 Rd8 11. Qe2 Be7 12. Rad1 Qc8 13. Bxd6 Bxd6 14.
Nb5 Bb8 15. Rxd8+ Qxd8 16. Rd1 Qb6 17. c4 O-O 18. a3 a6 19. Nc3 Rd8 20. Rxd8+
Qxd8 21. g3 Ba7 22. Kg2 Qf6 23. Ne4 Qd8 24. b4 e5 25. Nc3 Bd4 26. Nd5 b5 27.
cxb5 Qxd5 28. bxc6 Qxc6 29. Kh3 Qe6+ 30. Kg2 Qc6 31. Kh3 Qe6+ 32. Kg2 Qc6 33.
Kh3 1/2-1/2

[Event "26.Schlosspark-Open"]
[Site "Wiesbaden-Biebrich"]
[Date "2014.08.31"]
[Round "6.33"]
[White "Lukas, Sebastian"]
[Black "Feicht, Arno"]
[Result "0-1"]
[WhiteElo "1893"]
[BlackElo "2053"]
[PlyCount "132"]
[EventDate "2014.??.??"]
[WhiteTeam "SC 1979 Hattersheim"]
[BlackTeam "SC Butzbach 2000"]

1. e4 c5 2. Nc3 Nc6 3. Bb5 Nd4 4. Bc4 g6 5. Nf3 Bg7 6. Nxd4 cxd4 7. Qf3 e6 8.
Nb5 d6 9. Qa3 Bf8 10. Nxd4 d5 11. Bb5+ Bd7 12. Bxd7+ Qxd7 13. Qd3 dxe4 14. Qxe4
Nf6 15. Qe5 Bg7 16. Qb5 Rd8 17. Qxd7+ Rxd7 18. Ne2 O-O 19. d4 Re8 20. O-O Nd5
21. c3 b5 22. Nf4 Nb6 23. Nd3 Rc8 24. Be3 a5 25. Nc5 Rd5 26. a4 bxa4 27. Nxa4
Nxa4 28. Rxa4 Rb5 29. g3 h5 30. Rc1 Rxb2 31. Rxa5 Rc4 32. Rc5 Rxc5 33. dxc5 Rb8
34. c4 Bf8 35. Ra1 Rc8 36. Ra5 e5 37. c6 f6 38. Ra6 Kf7 39. Bd2 Bd6 40. Ba5 Ke6
41. c7 Ke7 42. Ra7 g5 43. Kf1 f5 44. Bb6 Kd7 45. h4 gxh4 46. gxh4 Kc6 47. Ba5
Kc5 48. Ra6 Bxc7 49. Bxc7 Rxc7 50. Rh6 Kd4 51. Rxh5 f4 52. Rh8 Rxc4 53. Kg2 Ke4
54. Rf8 Rc7 55. Ra8 Rg7+ 56. Kf1 Rh7 57. Ra4+ Kf5 58. f3 Rxh4 59. Kg2 Rh8 60.
Ra3 Rc8 61. Ra5 Rc2+ 62. Kf1 Ke6 63. Ra3 Kd5 64. Rb3 Kd4 65. Ra3 Rc3 66. Ra4+
Ke3 0-1

[Event "26.Schlosspark-Open"]
[Site "Wiesbaden-Biebrich"]
[Date "2014.08.31"]
[Round "6.34"]
[White "Lanz, Udo"]
[Black "Marten, Gero"]
[Result "1/2-1/2"]
[WhiteElo "1884"]
[BlackElo "2032"]
[PlyCount "53"]
[EventDate "2014.??.??"]
[WhiteTeam "VSG 1880 Offenbach"]
[BlackTeam "SG Turm Idstein"]

1. d4 Nf6 2. Bf4 e6 3. Nf3 c5 4. e3 b6 5. c3 Bb7 6. Nbd2 Be7 7. Bd3 O-O 8. O-O
cxd4 9. cxd4 d6 10. Rc1 Nc6 11. Bb1 Rc8 12. h3 Re8 13. a3 Bf8 14. Qe2 e5 15.
dxe5 dxe5 16. Bg5 h6 17. Bh4 g5 18. Bg3 e4 19. Nh2 Ne5 20. Bxe5 Rxe5 21. Nb3
Bc5 22. Ba2 Qe7 23. Ng4 Nxg4 24. Qxg4 Rd8 25. Nxc5 Rxc5 26. Rxc5 Qxc5 27. Rd1
1/2-1/2

[Event "26.Schlosspark-Open"]
[Site "Wiesbaden-Biebrich"]
[Date "2014.08.31"]
[Round "6.35"]
[White "Skarke, Harald"]
[Black "Zimpfer, Andreas"]
[Result "1/2-1/2"]
[WhiteElo "2025"]
[BlackElo "1879"]
[PlyCount "105"]
[EventDate "2014.??.??"]
[WhiteTeam "SF Neuberg"]
[BlackTeam "SC Butzbach 2000"]

1. e4 c5 2. c4 Nc6 3. Nc3 g6 4. f4 Bg7 5. Be2 Nd4 6. Nf3 Nxe2 7. Qxe2 b6 8. O-O
Bb7 9. d3 e6 10. Nb5 Bf8 11. Bd2 a6 12. Na3 Bg7 13. Rab1 Ne7 14. b4 Qc7 15. Be3
O-O 16. Qf2 d6 17. Rfc1 Nc6 18. Nc2 Rac8 19. a4 Rfe8 20. a5 bxa5 21. bxc5 dxc5
22. Bxc5 Qxf4 23. Be3 Qc7 24. Rd1 Re7 25. Qh4 Rd7 26. Ng5 h5 27. Nf3 Qd6 28.
Qf2 Nb4 29. Nxb4 axb4 30. c5 Qc7 31. Rxb4 a5 32. Rb6 Bxe4 33. Ne1 Qd8 34. Qc2
Bc6 35. Rdb1 Be5 36. Qf2 a4 37. Rd1 Bd5 38. d4 Bc7 39. Rbb1 a3 40. Nd3 Rb8 41.
Ne5 Bxe5 42. dxe5 Rxb1 43. Rxb1 Bc4 44. Qe1 a2 45. Rc1 Bb3 46. c6 Rd1 47. Rxd1
Bxd1 48. c7 Qxc7 49. Qxd1 Qxe5 50. Bd4 Qf5 51. Qa1 Qb1+ 52. Kf2 Qc2+ 53. Kg1
1/2-1/2

[Event "26.Schlosspark-Open"]
[Site "Wiesbaden-Biebrich"]
[Date "2014.08.31"]
[Round "6.36"]
[White "Kuhn, Gerhard"]
[Black "Steimbach, Isabel"]
[Result "1-0"]
[WhiteElo "2023"]
[BlackElo "1834"]
[PlyCount "129"]
[EventDate "2014.??.??"]
[WhiteTeam "SK Marburg 1931/72"]
[BlackTeam "OSG Baden-Baden"]

1. e4 c5 2. c3 d5 3. exd5 Qxd5 4. d4 Nc6 5. Nf3 Bg4 6. Be2 cxd4 7. cxd4 e6 8.
O-O Nf6 9. Nc3 Qd8 10. Be3 Bd6 11. Qb3 O-O 12. Qxb7 Na5 13. Qa6 Rb8 14. Na4 Nd5
15. Qd3 Qd7 16. b3 Bf5 17. Qd1 Nb4 18. Qd2 Rfc8 19. Rac1 Nac6 20. Rfd1 Nd5 21.
Nc5 Qe7 22. h3 h6 23. Bd3 Bxd3 24. Nxd3 Ba3 25. Rc4 Nb6 26. Rc2 Nd5 27. Nfe5
Ncb4 28. Rxc8+ Rxc8 29. Nc4 Nxd3 30. Qxd3 Bb4 31. Bd2 Bxd2 32. Qxd2 Qc7 33. Rc1
a6 34. Rc2 Qf4 35. Qxf4 Nxf4 36. Rd2 Rd8 37. Kh2 Kf8 38. g3 Nd5 39. Kg2 Nb4 40.
Kf3 f6 41. Ke4 Ke7 42. g4 g5 43. Ne3 Nd5 44. Rc2 Nxe3 45. fxe3 Kd6 46. Rc4 Rb8
47. Ra4 Rb6 48. Ra5 Rc6 49. a3 Rb6 50. b4 Rc6 51. Kd3 Kd7 52. Rc5 Rb6 53. Kc4
Rb8 54. a4 Kd6 55. Ra5 Rb6 56. b5 axb5+ 57. axb5 Rb8 58. Ra6+ Kd7 59. Ra7+ Kd6
60. Rh7 Rc8+ 61. Kd3 f5 62. gxf5 exf5 63. Rxh6+ Kd5 64. Rf6 f4 65. e4# 1-0

[Event "26.Schlosspark-Open"]
[Site "Wiesbaden-Biebrich"]
[Date "2014.08.31"]
[Round "6.37"]
[White "Kempfer, Justus"]
[Black "Osswald, Luis Monty"]
[Result "1/2-1/2"]
[WhiteElo "1781"]
[BlackElo "2017"]
[PlyCount "39"]
[EventDate "2014.??.??"]
[WhiteTeam "SJ Herborn 1998"]
[BlackTeam "Kasseler SK 1876"]

1. e4 c5 2. c3 Nf6 3. e5 Nd5 4. d4 e6 5. Nf3 Be7 6. Bc4 d6 7. O-O Nc6 8. exd6
Qxd6 9. dxc5 Qxc5 10. Qe2 a5 11. Nbd2 Nf6 12. Nb3 Qb6 13. Be3 Qc7 14. Nbd4 O-O
15. Nb5 Qb8 16. Bb6 Bd8 17. Bc5 Be7 18. Bb6 Bd8 19. Bc5 Be7 20. Bb6 1/2-1/2

[Event "26.Schlosspark-Open"]
[Site "Wiesbaden-Biebrich"]
[Date "2014.08.31"]
[Round "6.38"]
[White "Suller, Lorant"]
[Black "Hupprich, Thorsten"]
[Result "0-1"]
[WhiteElo "1775"]
[BlackElo "2000"]
[PlyCount "70"]
[EventDate "2014.??.??"]
[WhiteTeam "vereinslos"]
[BlackTeam "SK Lauterecken 1963"]

1. e4 d6 2. d4 Nf6 3. Nc3 g6 4. Nf3 Bg7 5. Be2 O-O 6. O-O c6 7. h3 Nbd7 8. Be3
Qc7 9. Qd2 b6 10. Bh6 Bb7 11. Bxg7 Kxg7 12. Rfe1 e5 13. Bd3 a6 14. Bc4 b5 15.
Bd3 Rfe8 16. a3 exd4 17. Nxd4 c5 18. Nf5+ gxf5 19. Qg5+ Kh8 20. Nd5 Bxd5 21.
exd5 Rxe1+ 22. Rxe1 Rg8 23. Qxf5 c4 24. Be4 c3 25. b3 Qc5 26. Bf3 Qxa3 27. Re7
Qc1+ 28. Kh2 Rg5 29. Qd3 Ne5 30. Rxe5 Qf4+ 31. g3 Qxe5 32. Kg2 Nxd5 33. Kf1 Nb4
34. Qd1 Rf5 35. Kg2 Rf6 0-1

[Event "26.Schlosspark-Open"]
[Site "Wiesbaden-Biebrich"]
[Date "2014.08.31"]
[Round "6.39"]
[White "Costea, Valerius"]
[Black "Schimmele, Alexander"]
[Result "0-1"]
[WhiteElo "1988"]
[BlackElo "1829"]
[PlyCount "108"]
[EventDate "2014.??.??"]
[WhiteTeam "SK Frankenthal"]
[BlackTeam "SC Neckarsulm e.V."]

1. e4 d6 2. d4 Nf6 3. Nc3 g6 4. h3 Bg7 5. Nf3 O-O 6. Be3 c6 7. a4 Qa5 8. Nd2
Nbd7 9. Be2 e5 10. Nc4 Qc7 11. d5 cxd5 12. exd5 a6 13. O-O Nc5 14. a5 Bf5 15.
g4 Bd7 16. f3 Bc8 17. b4 Ncd7 18. b5 Ne8 19. b6 Qd8 20. Ne4 Ndf6 21. Bg5 h6 22.
Bxf6 Bxf6 23. Qd2 Kh7 24. Qb4 Be7 25. f4 f5 26. Ng3 fxg4 27. hxg4 exf4 28. Ne4
Bd7 29. Qd2 g5 30. Nf2 Bb5 31. Bd3+ Kg7 32. Rae1 Bf6 33. Re4 Bxc4 34. Bxc4 Be5
35. Rfe1 Rc8 36. Qe2 Nf6 37. Bd3 Re8 38. c4 Bc3 39. Rxe8 Qxe8 40. Qe7+ Kg8 41.
Qxe8+ Rxe8 42. Rxe8+ Nxe8 43. Ne4 Bxa5 44. c5 dxc5 45. d6 Bxb6 46. Bc4+ Kf8 47.
d7 Ng7 48. Nd6 h5 49. gxh5 Nxh5 50. Kg2 Nf6 51. d8=Q+ Bxd8 52. Nxb7 Bb6 53. Nd6
a5 54. Kf3 g4+ 0-1

[Event "26.Schlosspark-Open"]
[Site "Wiesbaden-Biebrich"]
[Date "2014.08.31"]
[Round "6.40"]
[White "Pade, Joachim"]
[Black "Gentner, Markus"]
[Result "0-1"]
[WhiteElo "1713"]
[BlackElo "1988"]
[PlyCount "116"]
[EventDate "2014.??.??"]
[WhiteTeam "SC Butzbach 2000"]
[BlackTeam "SC Murrhardt 1948 e.V."]

1. e4 c6 2. d4 d5 3. f3 Qb6 4. Nc3 dxe4 5. fxe4 e5 6. Nf3 exd4 7. Qxd4 Qxd4 8.
Nxd4 Nf6 9. h3 Bb4 10. Bd3 O-O 11. O-O Re8 12. Re1 Bxc3 13. bxc3 Nbd7 14. Nb3
b6 15. Bf4 c5 16. Nd2 Ne5 17. Rad1 Bb7 18. Nf3 Ng6 19. Bh2 Nxe4 20. Bc4 h6 21.
Rd7 Bc6 22. Bxf7+ Kh7 23. Bxe8 Rxe8 24. Rc7 Ba8 25. Rxa7 Bc6 26. Rc7 Ba8 27. c4
Rd8 28. Ra7 Nc3 29. Be5 Nxe5 30. Rxe5 Be4 31. Ra3 Ne2+ 32. Kf2 Bxf3 33. gxf3
Nf4 34. Kg3 g5 35. Kf2 Rd2+ 36. Ke1 Rxc2 37. h4 gxh4 38. Re4 Ng2+ 39. Kd1 Rb2
40. Kc1 h3 41. f4 Rf2 42. Rxh3 Nxf4 43. Rhe3 Kg6 44. a4 Kg5 45. Re7 h5 46. Rb7
Ra2 47. Ra7 h4 48. Kb1 Rd2 49. Kc1 Rd4 50. Rg7+ Kf6 51. Rb7 Rxc4+ 52. Kd1 Rb4
53. Rf3 Kf5 54. Rf7+ Kg4 55. Ra3 h3 56. Rg7+ Kh5 57. Rh7+ Kg6 58. Rh8 Re4 0-1

[Event "26.Schlosspark-Open"]
[Site "Wiesbaden-Biebrich"]
[Date "2014.08.31"]
[Round "6.41"]
[White "Schnicke, Robert"]
[Black "Bolduan, Michael"]
[Result "1-0"]
[WhiteElo "2164"]
[BlackElo "1870"]
[PlyCount "55"]
[EventDate "2014.??.??"]
[WhiteTeam "TV Winnweiler"]
[BlackTeam "SC Taunusstein 1966"]

1. d4 e6 2. e4 d5 3. Nc3 Nf6 4. Bg5 Bb4 5. e5 h6 6. Bd2 Bxc3 7. bxc3 Ne4 8. Bc1
c5 9. Qg4 g6 10. Bd3 cxd4 11. Ne2 Nc6 12. cxd4 Qb6 13. Bxe4 dxe4 14. Qxe4 Bd7
15. O-O Rc8 16. Ba3 Na5 17. Qf4 Qd8 18. Ng3 g5 19. Qc1 Bc6 20. Nh5 Qb6 21. Nf6+
Kd8 22. d5 exd5 23. Rb1 Qa6 24. Bb4 Nc4 25. Rd1 Nxe5 26. Qe3 Ng6 27. Nxd5 Re8
28. Nb6+ 1-0

[Event "26.Schlosspark-Open"]
[Site "Wiesbaden-Biebrich"]
[Date "2014.08.31"]
[Round "6.42"]
[White "Serbu, Eli"]
[Black "Hipler, Andreas"]
[Result "1-0"]
[WhiteElo "2150"]
[BlackElo "1872"]
[PlyCount "119"]
[EventDate "2014.??.??"]
[WhiteTeam "Wiesbadener SV 1885"]
[BlackTeam "SK Gau-Algesheim"]

1. e4 d5 2. exd5 Qxd5 3. Nc3 Qd6 4. d4 Nf6 5. Nf3 c6 6. Bc4 Bg4 7. Be3 e6 8. h3
Bxf3 9. Qxf3 Qc7 10. O-O Nbd7 11. a4 Be7 12. Rfe1 O-O 13. Rad1 Bb4 14. g4 Qa5
15. Bd2 Nd5 16. Bd3 Kh8 17. Ne4 Bxd2 18. Rxd2 Qxa4 19. c3 Qa5 20. Nd6 Qc7 21.
Qg3 N7f6 22. c4 Nb6 23. c5 Nbd5 24. Qh4 g6 25. g5 Ne8 26. Nc4 Qf4 27. Qh6 Ng7
28. Re4 Nf5 29. Rxf4 Nxh6 30. Rf3 Nf5 31. Bxf5 gxf5 32. Rb3 Rab8 33. Ne5 Rbc8
34. Rxb7 Rc7 35. Rxc7 Nxc7 36. b4 a6 37. Nxc6 Rg8 38. h4 h6 39. Ne5 Rg7 40. Rd3
hxg5 41. hxg5 Rxg5+ 42. Rg3 Rxg3+ 43. fxg3 Kg7 44. Kf2 Kf8 45. Ke2 Nd5 46. Nc6
Ke8 47. Kd3 Nc7 48. Kc4 Kd7 49. Ne5+ Ke7 50. Nd3 Kd7 51. Ne5+ Ke8 52. Kb3 f6
53. Nc4 Kd7 54. Ka4 Nb5 55. Ka5 Nxd4 56. Kxa6 Kc6 57. Na5+ Kd5 58. c6 Nxc6 59.
Nxc6 Kxc6 60. b5+ 1-0

[Event "26.Schlosspark-Open"]
[Site "Wiesbaden-Biebrich"]
[Date "2014.08.31"]
[Round "6.43"]
[White "Fellhauer, Clemens"]
[Black "Biastoch, Bennet"]
[Result "1/2-1/2"]
[WhiteElo "2096"]
[BlackElo "1765"]
[PlyCount "84"]
[EventDate "2014.??.??"]
[WhiteTeam "SK 69 Mühlhausen e.V."]
[BlackTeam "SG Aufbau Elbe Magdeburg"]

1. e4 c5 2. c4 Nc6 3. Nc3 Nf6 4. Nge2 e6 5. d4 cxd4 6. Nxd4 Bb4 7. Nxc6 bxc6 8.
Bd3 e5 9. O-O O-O 10. Bg5 h6 11. Bh4 Qe7 12. Qf3 g5 13. Bg3 d6 14. h4 Bc5 15.
Qe2 Bg4 16. Qd2 Nh5 17. Bh2 Nf4 18. Kh1 Rab8 19. Rab1 Qf6 20. f3 Be6 21. g4 Qg7
22. h5 f6 23. Bg1 Rfd8 24. Qc2 Bxg1 25. Rxg1 a5 26. Rge1 Rbc8 27. b4 axb4 28.
Rxb4 d5 29. c5 Nxd3 30. Qxd3 d4 31. Na4 Bxa2 32. Nb6 Rc7 33. Ra1 Ra7 34. Qd2
Qf7 35. Kg2 Be6 36. Rxa7 Qxa7 37. Ra4 Qe7 38. Ra5 Bf7 39. Kf2 Qe6 40. Qd3 Qb3
41. Qxb3 Bxb3 42. Ke2 Rf8 1/2-1/2

[Event "26.Schlosspark-Open"]
[Site "Wiesbaden-Biebrich"]
[Date "2014.08.31"]
[Round "6.44"]
[White "Timar-Geng, Zoltan"]
[Black "Villani, Cristian"]
[Result "1/2-1/2"]
[WhiteElo "1841"]
[BlackElo "2032"]
[PlyCount "114"]
[EventDate "2014.??.??"]
[WhiteTeam "SC Eulenspiegel Regensb."]
[BlackTeam "SK Durlach"]

1. d4 e6 2. c4 Nf6 3. Nc3 Bb4 4. f3 c5 5. a3 Bxc3+ 6. bxc3 Qa5 7. Bd2 d6 8. e4
e5 9. Bd3 Nc6 10. d5 Ne7 11. Ne2 h6 12. Qc1 Qc7 13. f4 exf4 14. Nxf4 Ng4 15.
O-O Ne5 16. Be2 Bg4 17. Qd1 Qd7 18. Nh5 Bxh5 19. Bxh5 N7g6 20. Qb3 O-O 21. Rab1
Rab8 22. Be2 Rfe8 23. Qc2 Re7 24. Rf2 Rbe8 25. h3 Nf8 26. Rbf1 Neg6 27. Bg4 Qd8
28. Bh5 Ne5 29. Be2 Qd7 30. Qc1 Kh7 31. Bh5 Nfg6 32. Be2 Qa4 33. Rf5 Rh8 34.
Kh1 Kg8 35. Bh5 Qxc4 36. Bxg6 Nxg6 37. Bf4 Rd7 38. Bg3 Qxe4 39. R5f3 Qxd5 40.
Rd1 Qe6 41. Re3 Ne5 42. Bxe5 dxe5 43. Rxd7 Qxd7 44. Rxe5 c4 45. Qe1 Kh7 46.
Qe4+ g6 47. Re7 Qd1+ 48. Kh2 Qd6+ 49. Kg1 Qd1+ 50. Kf2 Qd2+ 51. Kg1 Qd1+ 52.
Kh2 Qd6+ 53. g3 Qd2+ 54. Kg1 Qd1+ 55. Kg2 Qd2+ 56. Kf1 Rf8 57. Qxc4 Qd1+
1/2-1/2

[Event "26.Schlosspark-Open"]
[Site "Wiesbaden-Biebrich"]
[Date "2014.08.31"]
[Round "6.45"]
[White "Junker, Christian"]
[Black "Klebs, Sebastian"]
[Result "0-1"]
[WhiteElo "2061"]
[BlackElo "1849"]
[PlyCount "88"]
[EventDate "2014.??.??"]
[WhiteTeam "SV 1926 Neu-Isenburg"]
[BlackTeam "Karlsruher SF 1853"]

1. Nf3 d5 2. g3 c5 3. d3 Nc6 4. Nbd2 Nf6 5. Bg2 g6 6. O-O Bg7 7. e4 O-O 8. Re1
Re8 9. a4 e6 10. c3 b6 11. c4 Bb7 12. Qe2 Nb4 13. e5 Nd7 14. Nb3 Qc7 15. Bf4
Rad8 16. h4 h6 17. a5 Bc6 18. axb6 axb6 19. Nc1 Ra8 20. Ra3 Qb7 21. Nh2 Kh7 22.
Ng4 h5 23. Nh2 Bh6 24. Bxh6 Kxh6 25. Nf3 d4 26. Rd1 Kg7 27. Ne1 Bxg2 28. Nxg2
Rxa3 29. bxa3 Nc6 30. f4 Ra8 31. g4 hxg4 32. Qxg4 Nf8 33. Ne2 Rxa3 34. Ng3 Ra2
35. Nh5+ Kh6 36. Qg5+ Kh7 37. Nf6+ Kg7 38. Ng4 Rxg2+ 39. Kxg2 Nxe5+ 40. Kf2
Qf3+ 41. Ke1 Nxg4 42. Kd2 Qf2+ 43. Kc1 Ne3 44. Qe5+ Kg8 0-1

[Event "26.Schlosspark-Open"]
[Site "Wiesbaden-Biebrich"]
[Date "2014.08.31"]
[Round "6.46"]
[White "Weber, Sandra"]
[Black "Zeyer, Oliver"]
[Result "0-1"]
[WhiteElo "1800"]
[BlackElo "2022"]
[PlyCount "76"]
[EventDate "2014.??.??"]
[WhiteTeam "SC Neckarsulm e.V."]
[BlackTeam "SF HN-Biberach 1978 e.V."]

1. Nf3 Nf6 2. g3 g6 3. Bg2 Bg7 4. d3 O-O 5. O-O d6 6. e4 e5 7. a4 h6 8. Nc3 c6
9. Re1 Qc7 10. Qe2 Be6 11. b4 Nfd7 12. Bb2 f5 13. Nh4 Kh7 14. exf5 gxf5 15. Qh5
Rf6 16. Bh3 Na6 17. b5 Nb4 18. Re2 Raf8 19. Bc1 Nb6 20. Rb1 N4d5 21. Nxd5 cxd5
22. g4 Bf7 23. Ng6 Rxg6 24. Kf1 fxg4 25. Bxg4 Be6 26. Bxe6 Rxe6 27. d4 Ref6 28.
Be3 Nc4 29. Kg1 Rg6+ 30. Kh1 Qf7 31. Qh3 Nxe3 32. fxe3 exd4 33. exd4 Bxd4 34.
Ree1 Rfg8 35. Qd3 Be5 36. Rg1 Kh8 37. Rxg6 Qxg6 38. Qxd5 Qxc2 0-1

[Event "26.Schlosspark-Open"]
[Site "Wiesbaden-Biebrich"]
[Date "2014.08.31"]
[Round "6.47"]
[White "Mönch, Dietmar"]
[Black "Seehaus, Bernhard"]
[Result "1-0"]
[WhiteElo "1818"]
[BlackElo "2016"]
[PlyCount "85"]
[EventDate "2014.??.??"]
[WhiteTeam "vereinlos"]
[BlackTeam "Schachforum Darmstadt 1994"]

1. d4 d6 2. e4 Nf6 3. Nc3 c6 4. Nf3 Bg4 5. Be2 e6 6. O-O d5 7. exd5 cxd5 8. Ne5
Bxe2 9. Qxe2 a6 10. Re1 Be7 11. Nd1 O-O 12. Ne3 Nc6 13. c3 Rc8 14. N3g4 b5 15.
Qf3 Ne4 16. Qd3 Nxe5 17. Nxe5 Bf6 18. Nf3 Qb6 19. Be3 a5 20. Rec1 Rc6 21. Ne5
Bxe5 22. dxe5 Qc7 23. Qxb5 Rb8 24. Qe2 Qxe5 25. Bd4 Qf5 26. f3 Nd6 27. Qe5 f6
28. Qxf5 Nxf5 29. b3 Rbc8 30. Bf2 Rxc3 31. Rxc3 Rxc3 32. Bb6 a4 33. bxa4 Ra3
34. a5 Nd6 35. Bc5 Rxa5 36. Bxd6 Kf7 37. Bb4 Ra4 38. a3 e5 39. Rc1 Ra7 40. Kf2
f5 41. Rc5 Ke6 42. Rc6+ Kf7 43. Bd6 1-0

[Event "26.Schlosspark-Open"]
[Site "Wiesbaden-Biebrich"]
[Date "2014.08.31"]
[Round "6.48"]
[White "Binfet, Daniel"]
[Black "Seifert, Norbert"]
[Result "0-1"]
[WhiteElo "1817"]
[BlackElo "2000"]
[PlyCount "30"]
[EventDate "2014.??.??"]
[WhiteTeam "TuS Makkabi Wiesbaden"]
[BlackTeam "SF Neuberg"]

1. e4 c5 2. Nf3 e6 3. d4 cxd4 4. Nxd4 Nf6 5. f3 d5 6. Bb5+ Bd7 7. Bxd7+ Qxd7 8.
exd5 Qxd5 9. O-O Bc5 10. Be3 Nc6 11. Nc3 Qe5 12. Ndb5 Qxe3+ 13. Kh1 O-O 14. Re1
Qh6 15. Na4 Bf2 0-1

[Event "26.Schlosspark-Open"]
[Site "Wiesbaden-Biebrich"]
[Date "2014.08.31"]
[Round "6.49"]
[White "Stuhlmann, Florian"]
[Black "Karthaus, Carsten"]
[Result "1/2-1/2"]
[WhiteElo "1654"]
[BlackElo "1970"]
[PlyCount "81"]
[EventDate "2014.??.??"]
[WhiteTeam "SC Königsflügel Lindenholzhausen"]
[BlackTeam "SC Murrhardt 1948 e.V."]

1. d4 d5 2. c4 c6 3. cxd5 cxd5 4. Nc3 Nf6 5. Nf3 e6 6. Bf4 Bd6 7. Bxd6 Qxd6 8.
e3 O-O 9. Bd3 Nc6 10. a3 Re8 11. O-O e5 12. Bb5 e4 13. Bxc6 bxc6 14. Ne5 Nd7
15. Nxd7 Bxd7 16. b4 Re6 17. f3 exf3 18. Qxf3 Qe7 19. Rae1 Re8 20. Kh1 Rf6 21.
Qe2 Qxe3 22. Rxf6 Qxe2 23. Rxe2 Rxe2 24. Nxe2 gxf6 25. Kg1 Kg7 26. Kf2 Kg6 27.
Kf3 Kg5 28. h3 h5 29. h4+ Kf5 30. Ng3+ Kg6 31. Kf4 Bg4 32. Nf1 Bd7 33. Nd2 Kg7
34. Nb3 Kf8 35. Nc5 Bc8 36. Nb3 Ke7 37. Nc5 Kd6 38. g3 Kc7 39. a4 Kb6 40. Nb3
Bg4 41. Ke3 1/2-1/2

[Event "26.Schlosspark-Open"]
[Site "Wiesbaden-Biebrich"]
[Date "2014.08.31"]
[Round "6.50"]
[White "Meier, Alexander"]
[Black "Schmidt, Volker"]
[Result "0-1"]
[WhiteElo "1345"]
[BlackElo "1967"]
[PlyCount "58"]
[EventDate "2014.??.??"]
[WhiteTeam "SC Taunusstein 1966"]
[BlackTeam "SAbt TuS Dotzheim"]

1. e4 c5 2. Nc3 Nc6 3. Nf3 g6 4. g3 Bg7 5. Bg2 Nf6 6. O-O d5 7. exd5 Nxd5 8.
Nxd5 Qxd5 9. Re1 Qd6 10. d3 O-O 11. Rb1 e5 12. Be3 f5 13. Qc1 f4 14. Nd2 fxe3
15. Rxe3 Bf5 16. Nc4 Qc7 17. Qd1 Rae8 18. Nd2 Qd7 19. b3 Nd4 20. c3 Nb5 21. Rc1
Kh8 22. a4 Nc7 23. Bxb7 Nd5 24. Bxd5 Qxd5 25. f3 Bh6 26. Re1 Qxd3 27. Re2 Rd8
28. g4 Bxd2 29. Rxd2 Qe3+ 0-1